000 00536nam a2200181Ia 4500
001 16313
005 20260306170300.0
008 260306t2016||||xx |||||||||||||| ||und||
041 _aESP
082 _a348.2
_bC68
100 _aClaver Campillo, Josep Antoni
_eAUT
245 0 _aLa normativa de las Universidades públicas españolas en materia de propiedad industrial:
_bla patente en la universidad pública
260 _c2016
300 _a327 páginas :
_c22 cm.
650 _aGEN
654 _aCDE
942 _cLIB
_dJUS
_fJUS
_2ddc
_n
999 _c16313
_d16313